Memorias de un pobre diablo /

Պահպանված է:
Մատենագիտական մանրամասներ
Հիմնական հեղինակ: Elizondo Arce, Hernán 1921-
Ձևաչափ: Անհայտ
Լեզու:Spanish
Հրապարակվել է: San José, Costa Rica: Editorial Costa Rica, 1984.
Հրատարակություն:4. edición
Շարք:(Colección XXV Aniversario ; 14)
Խորագրեր:
Ցուցիչներ: Ավելացրեք ցուցիչ
Չկան պիտակներ, Եղեք առաջինը, ով նշում է այս գրառումը!

MARC

LEADER 000000000a22000000004500
001 001933
008 150218s1969 c |r|||| 00| f spa d
020 |a 9977230900 
040 |a CRU CIICLA 
041 0 |a español 
082 |a CR863.4  |b E43m 
100 1 |a Elizondo Arce, Hernán  |d 1921- 
245 1 0 |a Memorias de un pobre diablo /  |c Hernán Elizondo Arce 
250 |a 4. edición 
260 1 |a San José, Costa Rica:  |b Editorial Costa Rica,  |c 1984. 
300 |a 173 páginas 
490 1 |a (Colección XXV Aniversario ;  |v 14) 
650 4 |a LITERATURA COSTARRICENSE  |v NOVELA 
942 |2 ddc  |c BK 
999 |c 22158  |d 22158